[Event "FRA-chT Top 12"]
[Site "Brest"]
[Date "2018.06.02"]
[Round "8"]
[White "Ragger, Markus"]
[Black "Kosten, Anthony C"]
[Result "1-0"]
[WhiteElo "2672"]
[BlackElo "2448"]
[PlyCount "61"]
[EventDate "2018.05.26"]
[EventType "team-tourn"]
[EventRounds "11"]
[EventCountry "FRA"]
[SourceTitle "EXT 2019"]
[Source "ChessBase"]
[SourceDate "2018.10.10"]
[SourceVersion "1"]
[SourceVersionDate "2018.10.10"]
[SourceQuality "1"]
[WhiteTeam "Bischwiller"]
[BlackTeam "Cemc Monaco"]
[WhiteTeamCountry "FRA"]
[BlackTeamCountry "MNC"]

1. d4 Nf6 2. c4 e6 3. g3 d5 4. Nf3 Be7 5. Bg2 0-0 6. 0-0 dxc4 7. Qc2 b6 8. Bg5 Nd5 9. Bxe7 Qxe7 10. Nbd2 Ba6 11. Nxc4 c5 12. Rac1 Rc8 13. Ne3 Nxe3 14. fxe3 Nd7 15. Ne5 cxd4 16. Qa4 Rxc1 17. Rxc1 Rc8 18. Rxc8+ Bxc8 19. Nc6 Qg5 20. Qxd4 e5 21. Qc3 Ba6 22. Qd2 g6 23. Nxa7 Kg7 24. Nc6 Nf6 25. Qc3 Ng4 26. Bf3 f6 27. Nb4 Bc4 28. b3 Bf7 29. e4 Qh5 30. h4 g5 31. Qc8 1-0